[Event "Varazdinske Toplice rapid op"]
[Site "Varazdinske Toplice"]
[Date "2024.12.26"]
[Round "6"]
[White "Dominko, Darko"]
[Black "Hergotic, Ivica"]
[Result "1-0"]
[WhiteElo "1850"]
[BlackElo "2082"]
[PlyCount "137"]
[EventDate "2024.12.26"]
[EventType "swiss"]
[EventRounds "9"]
[EventCountry "CRO"]
[SourceTitle "CB02_2025"]
[SourceDate "2025.01.08"]
[SourceVersion "1"]
[SourceVersionDate "2025.01.08"]
[SourceQuality "1"]

1. e4 c5 2. Nf3 Nc6 3. d4 cxd4 4. Nxd4 e5 5. Nb5 a6 6. Nd6+ Bxd6 7. Qxd6 Qe7 8. Qc7 d5 9. Qxe7+ Ngxe7 10. Bd3 dxe4 11. Bxe4 f5 12. Bd3 Be6 13. 0-0 e4 14. Be2 0-0-0 15. Nc3 h6 16. h4 Nd4 17. Bd1 Rd7 18. Bf4 Rhd8 19. Be5 Nec6 20. Bf4 Nb4 21. Na4 Nd5 22. Be5 Nc6 23. Bh2 f4 24. c4 Ndb4 25. Bxf4 b5 26. Nb6+ Kb7 27. Nxd7 Rxd7 28. cxb5 axb5 29. Be3 Bc4 30. Bg4 Rf7 31. Rfd1 Ne5 32. Bh3 Ned3 33. b3 Bd5 34. a4 Bxb3 35. axb5 Nc2 36. Ra7+ Kb8 37. Rxf7 Bxf7 38. Rb1 Nxe3 39. fxe3 Kb7 40. Bd7 Bd5 41. Bc6+ Bxc6 42. bxc6+ Kxc6 43. Kf1 Ne5 44. Ra1 Kb6 45. Ra8 Kc6 46. Rg8 g6 47. h5 gxh5 48. Rf8 Ng4 49. Ke2 Kd6 50. Rf5 h4 51. Rf4 h5 52. Rxe4 Kd5 53. Ra4 Ke6 54. Ra5 Ne5 55. e4 Ng6 56. Ke3 Ne5 57. Ra6+ Kf7 58. Kf4 Nd3+ 59. Kg5 Ne1 60. Ra2 Nd3 61. Kxh5 Nc5 62. e5 Nd3 63. Ra5 Ke6 64. Kxh4 Nxe5 65. Rxe5+ Kxe5 66. Kg5 Ke6 67. Kg6 Ke5 68. g4 Ke6 69. g5 1-0

[Event "Varazdinske Toplice rapid op"]
[Site "Varazdinske Toplice"]
[Date "2024.12.26"]
[Round "7"]
[White "Friscic, Matej"]
[Black "Dominko, Darko"]
[Result "1-0"]
[WhiteElo "2019"]
[BlackElo "1850"]
[PlyCount "142"]
[EventDate "2024.12.26"]
[EventType "swiss"]
[EventRounds "9"]
[EventCountry "CRO"]
[SourceTitle "CB02_2025"]
[SourceDate "2025.01.08"]
[SourceVersion "1"]
[SourceVersionDate "2025.01.08"]
[SourceQuality "1"]

1. d4 Nf6 2. c4 g6 3. Nc3 Bg7 4. e4 d6 5. f3 0-0 6. Be3 c5 7. d5 e6 8. Qd2 exd5 9. cxd5 a6 10. a4 Nbd7 11. Nge2 Ne5 12. Ng3 Bd7 13. Be2 b5 14. axb5 axb5 15. Rxa8 Qxa8 16. Bxb5 Qa1+ 17. Kf2 Qa7 18. Bxd7 Qxd7 19. h3 h5 20. Rb1 Nc4 21. Qe2 Nxe3 22. Qxe3 Ng4+ 23. hxg4 Bd4 24. Qxd4 cxd4 25. Nce2 Qa7 26. Kf1 h4 27. Nh1 d3 28. Nc3 Rc8 29. Rd1 Qe3 30. Nf2 Rxc3 31. bxc3 Qe2+ 32. Kg1 d2 33. Rf1 Kg7 34. g5 Qe3 35. e5 Qxe5 36. Ne4 Qxd5 37. Rd1 Qe5 38. c4 Qd4+ 39. Kf1 Qxc4+ 40. Kf2 d5 41. Nxd2 Qf4 42. Nf1 Qxg5 43. Ne3 Qg3+ 44. Ke2 h3 45. gxh3 Qxh3 46. Rxd5 Qe6 47. Kf2 f5 48. Rd4 Qe5 49. Rd7+ Kh6 50. Rd2 Qc5 51. Rd5 Qb6 52. Ke2 Qb2+ 53. Rd2 Qb5+ 54. Kf2 Qe5 55. Re2 Qh2+ 56. Ng2 g5 57. Re8 Kg7 58. Re7+ Kf6 59. Rb7 Qd6 60. Rh7 Qd2+ 61. Kg3 f4+ 62. Kh2 Qf2 63. Rh3 Kf5 64. Kh1 Ke5 65. Rh5 Qg3 66. Kg1 Kd4 67. Rh8 Qxf3 68. Rd8+ Kc5 69. Rc8+ Kd6 70. Rd8+ Kc7 71. Rg8 Qd1+ 1-0

[Event "Hum na Sutli op 15th"]
[Site "Hum na Sutli"]
[Date "2023.09.02"]
[Round "9"]
[White "Pazlar, Marko"]
[Black "Dominko, Darko"]
[Result "1-0"]
[WhiteElo "2000"]
[BlackElo "1798"]
[PlyCount "55"]
[EventDate "2023.08.26"]
[EventType "swiss"]
[EventRounds "9"]
[EventCountry "CRO"]
[SourceTitle "CBM 216 Extra"]
[Source "ChessBase"]
[SourceDate "2023.11.30"]
[SourceVersion "1"]
[SourceVersionDate "2023.11.30"]
[SourceQuality "1"]

1. Nf3 c5 2. c4 Nf6 3. g3 g6 4. Bg2 Bg7 5. 0-0 0-0 6. d4 d6 7. Nc3 Nc6 8. dxc5 dxc5 9. Be3 Be6 10. Qa4 Qb6 11. Qb5 Nd7 12. Ng5 Qxb5 13. cxb5 Na5 14. Nxe6 fxe6 15. Rad1 Rfd8 16. Ne4 Nc4 17. Bxc5 Nxc5 18. Nxc5 Nxb2 19. Rc1 Rd2 20. Bf3 Rc8 21. Bxb7 Rxc5 22. Rxc5 Rxe2 23. Bf3 Rd2 24. Be4 Nd1 25. Rc2 Rd4 26. Bf3 Nb2 27. Rxb2 Rd3 28. Rb3 1-0

[Event "Hum na Sutli op 15th"]
[Site "Hum na Sutli"]
[Date "2023.08.27"]
[Round "2"]
[White "Dominko, Darko"]
[Black "Leakovic, Ivica"]
[Result "0-1"]
[WhiteElo "1798"]
[BlackElo "2046"]
[PlyCount "36"]
[EventDate "2023.08.26"]
[EventType "swiss"]
[EventRounds "9"]
[EventCountry "CRO"]
[SourceTitle "CBM 216 Extra"]
[Source "ChessBase"]
[SourceDate "2023.11.30"]
[SourceVersion "1"]
[SourceVersionDate "2023.11.30"]
[SourceQuality "1"]

1. e4 d5 2. exd5 Qxd5 3. Nc3 Qa5 4. Bc4 Nf6 5. d3 c6 6. Bd2 Qc7 7. Qe2 Nbd7 8. Nf3 e6 9. 0-0-0 b5 10. Bxe6 fxe6 11. Qxe6+ Be7 12. Rhe1 Nc5 13. Qe3 Ne6 14. Re2 0-0 15. Rde1 Bd6 16. Nd4 Nf4 17. Qf3 Nxe2+ 18. Rxe2 Bg4 0-1

[Event "SLO-chT2 Ost"]
[Site "Slovenia"]
[Date "2021.09.25"]
[Round "5.3"]
[White "Dominko, Darko"]
[Black "Susin, Ivan"]
[Result "1-0"]
[WhiteElo "1800"]
[BlackElo "1573"]
[PlyCount "148"]
[EventDate "2021.09.11"]
[EventType "team-tourn"]
[EventRounds "9"]
[EventCountry "SLO"]
[SourceTitle "EXT 2024"]
[Source "ChessBase"]
[SourceDate "2023.10.10"]
[SourceVersion "1"]
[SourceVersionDate "2023.10.10"]
[SourceQuality "1"]
[WhiteTeam "Ptuj SD II"]
[BlackTeam "Brezice"]
[WhiteTeamCountry "SLO"]
[BlackTeamCountry "SLO"]

1. e4 d6 2. d4 Nf6 3. Nc3 g6 4. Nf3 Bg7 5. Be2 0-0 6. 0-0 c6 7. Bf4 b5 8. a3 Bg4 9. h3 Bd7 10. e5 Ne8 11. Re1 d5 12. Bf1 e6 13. Qd2 f5 14. exf6 Nxf6 15. Ne5 Nh5 16. Bg5 Qe8 17. Re2 Bxe5 18. Rxe5 Rf5 19. Rae1 Rxe5 20. Rxe5 Na6 21. Be2 Ng7 22. g4 Qf7 23. Qf4 Nc7 24. Qxf7+ Kxf7 25. Bd2 a5 26. Nd1 Nce8 27. f3 Nd6 28. Kf2 Nge8 29. Bf1 Nc7 30. Re1 Nce8 31. Bd3 Nc4 32. Bxc4 bxc4 33. Kg3 Nd6 34. Bf4 Nb7 35. Be3 Rc8 36. h4 c5 37. dxc5 Nxc5 38. Bd4 Ba4 39. Re2 Nd7 40. Nc3 Bc6 41. Nd1 Re8 42. f4 Nf6 43. Bxf6 Kxf6 44. c3 Rd8 45. g5+ Kf7 46. Rd2 Rb8 47. Nf2 Ba4 48. Ng4 Rb7 49. Ne5+ Ke7 50. Nf3 Bb3 51. h5 Ba2 52. hxg6 hxg6 53. Nd4 Bb1 54. Nc6+ Kd6 55. Ne5 Kc5 56. Nf3 Bf5 57. Nd4 Re7 58. Re2 Be4 59. Rh2 e5 60. fxe5 Rxe5 61. Kf4 Re7 62. Rh8 Rb7 63. Ke5 Re7+ 64. Ne6+ Kb6 65. Kd6 Rf7 66. Rb8+ Ka7 67. Rb5 Ka6 68. a4 Rh7 69. Nc5+ Ka7 70. Rxa5+ Kb8 71. Nd7+ Kb7 72. Rb5+ Ka6 73. Nb8+ Ka7 74. Nc6+ Ka6 1-0

[Event "SLO-chT2 Ost"]
[Site "Slovenia"]
[Date "2021.09.18"]
[Round "3.2"]
[White "Dominko, Darko"]
[Black "Sibilja, Miroslav"]
[Result "1-0"]
[WhiteElo "1800"]
[BlackElo "1492"]
[PlyCount "70"]
[EventDate "2021.09.11"]
[EventType "team-tourn"]
[EventRounds "9"]
[EventCountry "SLO"]
[SourceTitle "EXT 2024"]
[Source "ChessBase"]
[SourceDate "2023.10.10"]
[SourceVersion "1"]
[SourceVersionDate "2023.10.10"]
[SourceQuality "1"]
[WhiteTeam "Ptuj SD II"]
[BlackTeam "Milan Majcen Sevnica"]
[WhiteTeamCountry "SLO"]
[BlackTeamCountry "SLO"]

1. e4 e6 2. d4 d5 3. Nc3 Bb4 4. e5 c5 5. a3 Bxc3+ 6. bxc3 Ne7 7. Nf3 Nbc6 8. Bb5 Qa5 9. a4 cxd4 10. 0-0 Bd7 11. cxd4 Nxe5 12. Nxe5 Bxb5 13. Bd2 Qb6 14. axb5 Qxd4 15. Nf3 Qc4 16. Rb1 Rc8 17. c3 0-0 18. Ne5 Qc7 19. Re1 Nf5 20. Qb3 Nd6 21. f3 f6 22. Nd3 Nc4 23. Rbd1 Qb6+ 24. Kh1 e5 25. Nb2 a6 26. Nxc4 dxc4 27. Qb4 Rfd8 28. Qb1 axb5 29. Be3 Qa5 30. Rxd8+ Rxd8 31. Rd1 Rxd1+ 32. Qxd1 Qxc3 33. Qd5+ Kf8 34. Bc5+ Ke8 35. Qe6+ Kd8 1-0

[Event "SLO-chT2 East"]
[Site "Slovenia"]
[Date "2018.09.29"]
[Round "2"]
[White "Dominko, Darko"]
[Black "Urbanc, Ana"]
[Result "0-1"]
[WhiteElo "1831"]
[BlackElo "1813"]
[PlyCount "129"]
[EventDate "2018.09.15"]
[EventType "team-tourn"]
[EventRounds "9"]
[EventCountry "SLO"]
[SourceTitle "EXT 2021"]
[Source "ChessBase"]
[SourceDate "2020.10.23"]
[SourceVersion "1"]
[SourceVersionDate "2020.10.23"]
[SourceQuality "1"]
[WhiteTeam "Ptuj SD II"]
[BlackTeam "Krsko Triglav II"]
[WhiteTeamCountry "SLO"]
[BlackTeamCountry "SLO"]

1. e4 e5 2. Nf3 Nf6 3. Nxe5 Nxe4 4. Qe2 Qe7 5. Qxe4 d6 6. d4 dxe5 7. dxe5 Nc6 8. Bb5 Bd7 9. 0-0 0-0-0 10. Re1 Nxe5 11. Nc3 Ng6 12. Qxe7 Bxe7 13. Bc4 f6 14. Be3 a6 15. Nd5 Bd6 16. Rad1 Be5 17. Ba7 Rhe8 18. Nb4 Bb5 19. Bd5 Nf4 20. Bf3 Rxd1 21. Rxd1 Be2 22. Bxe2 Nxe2+ 23. Kf1 Bxb2 24. Nd3 Nc3 25. Rd2 Ba3 26. Bd4 Nb5 27. Be3 Nd6 28. Nf4 Nc4 29. Rd3 Nxe3+ 30. fxe3 Bc5 31. Kf2 Bd6 32. Ne2 f5 33. g3 Re4 34. Nd4 g6 35. Nf3 Be7 36. Rd4 Re6 37. c4 Bf6 38. Rd5 c6 39. Rd3 Kc7 40. h3 Re4 41. Nd2 Re8 42. Kf3 Bg5 43. e4 Bxd2 44. Rxd2 Rxe4 45. c5 Rc4 46. Rd6 Rxc5 47. Rf6 Rd5 48. h4 Rd6 49. Rf8 c5 50. g4 fxg4+ 51. Kxg4 h5+ 52. Kg5 c4 53. Rf3 b5 54. a3 Kc6 55. Rf1 a5 56. Rf8 b4 57. Rc8+ Kb5 58. a4+ Kxa4 59. Rxc4 Kb5 60. Rc8 b3 61. Kf4 b2 62. Ke5 Rb6 63. Rc7 b1Q 64. Rc5+ Kxc5 65. Kf4 0-1

[Event "Ptuj op"]
[Site "Ptuj"]
[Date "2018.08.11"]
[Round "5"]
[White "Dominko, Darko"]
[Black "Okroznik, Gorazd"]
[Result "1-0"]
[WhiteElo "1831"]
[BlackElo "1473"]
[PlyCount "51"]
[EventDate "2018.08.07"]
[EventType "swiss"]
[EventRounds "9"]
[EventCountry "SLO"]
[SourceTitle "CBM 186 Extra"]
[Source "ChessBase"]
[SourceDate "2018.08.24"]
[SourceVersion "1"]
[SourceVersionDate "2018.08.24"]
[SourceQuality "1"]

1. e4 e6 2. d4 d5 3. Nc3 Nf6 4. Bg5 Be7 5. e5 Nfd7 6. h4 c5 7. Nb5 Bxg5 8. hxg5 cxd4 9. Nd6+ Kf8 10. f4 Qa5+ 11. Kf2 Nc6 12. Nf3 Qc5 13. Bd3 g6 14. a3 Ne7 15. Kg3 Nf5+ 16. Bxf5 exf5 17. Nxd4 Nb6 18. b3 a6 19. Qd3 Qc7 20. a4 Be6 21. Rac1 Nc8 22. Nxe6+ fxe6 23. Qd4 Ke7 24. c4 Nxd6 25. exd6+ Qxd6 26. Qg7+ 1-0

[Event "Hum na Sutli op 11th"]
[Site "Hum na Sutli"]
[Date "2017.08.30"]
[Round "6"]
[White "Novosel, Marko"]
[Black "Dominko, Darko"]
[Result "1-0"]
[WhiteElo "1989"]
[BlackElo "1819"]
[PlyCount "57"]
[EventDate "2017.08.25"]
[EventType "swiss"]
[EventRounds "9"]
[EventCountry "CRO"]
[SourceTitle "EXT 2018"]
[Source "ChessBase"]
[SourceDate "2017.10.13"]
[SourceVersion "1"]
[SourceVersionDate "2017.10.13"]
[SourceQuality "1"]

1. e4 c6 2. d4 d5 3. e5 Bf5 4. Nf3 e6 5. Bd3 Bxd3 6. Qxd3 Nh6 7. Bxh6 gxh6 8. Nbd2 Bg7 9. 0-0 0-0 10. Rae1 Nd7 11. h3 f6 12. exf6 Qxf6 13. Re3 Rae8 14. Qb3 c5 15. c3 b6 16. Qa4 Rf7 17. Ne5 b5 18. Qxb5 Rb8 19. Qxd7 Rxd7 20. Nxd7 Qf4 21. g3 Qd6 22. Nxb8 Qxb8 23. dxc5 Qxb2 24. c6 Qb6 25. Rxe6 Bxc3 26. Rb1 Qc5 27. Rb7 Bg7 28. Re8+ Bf8 29. c7 1-0

[Event "Hum na Sutli op 11th"]
[Site "Hum na Sutli"]
[Date "2017.08.25"]
[Round "1"]
[White "Rogulj, Branko"]
[Black "Dominko, Darko"]
[Result "1-0"]
[WhiteElo "2400"]
[BlackElo "1819"]
[PlyCount "57"]
[EventDate "2017.08.25"]
[EventType "swiss"]
[EventRounds "9"]
[EventCountry "CRO"]
[SourceTitle "EXT 2018"]
[Source "ChessBase"]
[SourceDate "2017.10.13"]
[SourceVersion "1"]
[SourceVersionDate "2017.10.13"]
[SourceQuality "1"]

1. e4 c5 2. Nc3 Nc6 3. g3 d6 4. Bg2 g6 5. d3 Bg7 6. Be3 e6 7. f4 Nge7 8. Nf3 0-0 9. 0-0 Rb8 10. d4 cxd4 11. Nxd4 Qb6 12. Nce2 Qxb2 13. Qd3 Nb4 14. Qd2 Nec6 15. Rab1 Qxa2 16. Rxb4 Nxb4 17. Qxb4 e5 18. Nc3 a5 19. Qxd6 Qc4 20. Ndb5 exf4 21. Bxf4 Be6 22. e5 Rfd8 23. Qb6 Bf8 24. Ne4 Rbc8 25. Nbd6 Bf5 26. Nxc4 Bxe4 27. Nd6 Bxg2 28. Kxg2 g5 29. Bxg5 1-0

[Event "SLO-chT 25th"]
[Site "Otocec"]
[Date "2015.10.18"]
[Round "3.17"]
[White "Navinsek, Thomaz"]
[Black "Dominko, Darko"]
[Result "1/2-1/2"]
[WhiteElo "2296"]
[BlackElo "1783"]
[PlyCount "80"]
[EventDate "2015.10.16"]
[EventType "team-tourn"]
[EventRounds "9"]
[EventCountry "SLO"]
[SourceTitle "EXT 2020"]
[Source "ChessBase"]
[SourceDate "2019.10.17"]
[SourceVersion "1"]
[SourceVersionDate "2019.10.17"]
[SourceQuality "1"]
[WhiteTeam "Maribor Branik"]
[BlackTeam "Ptuj"]
[WhiteTeamCountry "SLO"]
[BlackTeamCountry "SLO"]

1. d4 Nf6 2. Nf3 e6 3. Nbd2 d5 4. e3 Nbd7 5. Bd3 Bd6 6. 0-0 0-0 7. Re1 c5 8. e4 dxe4 9. Nxe4 Be7 10. Nxc5 Nxc5 11. dxc5 Bxc5 12. Be3 b6 13. Bxc5 bxc5 14. Ne5 Bb7 15. Bf1 Qc7 16. Qe2 Rad8 17. Rad1 Rxd1 18. Rxd1 Rd8 19. Rxd8+ Qxd8 20. Qd3 Qxd3 21. Bxd3 Kf8 22. c4 Ke7 23. f3 h6 24. Kf2 Nd7 25. Nxd7 Kxd7 26. Ke3 Kd6 27. g3 e5 28. Be2 Bc8 29. Kd3 Bf5+ 30. Kc3 Bh3 31. b4 cxb4+ 32. Kxb4 Kc6 33. Bd1 Bg2 34. Ba4+ Kc7 35. Bd1 Kc6 36. Ba4+ Kc7 37. Bd1 Kc6 38. Ba4+ Kc7 39. Bd1 Kc6 40. Ba4+ Kc7 1/2-1/2

[Event "SLO-ch qual"]
[Site "Ptuj"]
[Date "2012.06.01"]
[Round "7"]
[White "Slatnar, Janez"]
[Black "Dominko, Darko"]
[Result "1-0"]
[WhiteElo "1574"]
[BlackElo "1796"]
[PlyCount "35"]
[EventDate "2012.05.24"]
[EventType "swiss"]
[EventRounds "9"]
[EventCountry "SLO"]
[SourceTitle "EXT 2019"]
[Source "ChessBase"]
[SourceDate "2018.10.10"]
[SourceVersion "1"]
[SourceVersionDate "2018.10.10"]
[SourceQuality "1"]

1. e4 c5 2. Nf3 d6 3. d4 cxd4 4. Nxd4 Nf6 5. Nc3 a6 6. h3 e5 7. Nf3 Be6 8. Ng5 Be7 9. Nxe6 fxe6 10. Bd3 0-0 11. 0-0 Nc6 12. a3 d5 13. Qe1 Kh8 14. f4 exf4 15. Bxf4 Nh5 16. Bh2 Bh4 17. Rxf8+ Qxf8 18. Qxh4 1-0

[Event "SLO-ch qual"]
[Site "Ptuj"]
[Date "2012.05.26"]
[Round "4"]
[White "Dominko, Darko"]
[Black "Cmor, Nino"]
[Result "0-1"]
[WhiteElo "1796"]
[BlackElo "1865"]
[PlyCount "46"]
[EventDate "2012.05.24"]
[EventType "swiss"]
[EventRounds "9"]
[EventCountry "SLO"]
[SourceTitle "EXT 2019"]
[Source "ChessBase"]
[SourceDate "2018.10.10"]
[SourceVersion "1"]
[SourceVersionDate "2018.10.10"]
[SourceQuality "1"]

1. d4 Nf6 2. c4 g6 3. Nc3 Bg7 4. e4 d6 5. Nf3 0-0 6. Be2 e5 7. Be3 Nc6 8. d5 Ne7 9. c5 Ng4 10. cxd6 cxd6 11. Bd2 f5 12. Ng5 Nf6 13. 0-0 h6 14. Ne6 Bxe6 15. dxe6 fxe4 16. f3 exf3 17. Rxf3 d5 18. Rh3 Kh7 19. Qe1 Nfg8 20. Bg4 Nf5 21. Bf3 e4 22. Bxe4 dxe4 23. Nxe4 Qd4+ 0-1